000 00301nam a22001217a 4500
008 180212b xxu||||| |||| 00| 0 eng d
041 _aeng
080 _a37
100 _a47
101 _aEDU
245 _aStyles and structures alternative approaches to college writing
_cSmith,C.K
942 _2udc
_cBK
999 _c42307
_d42307